Medicine wheels / Byron Graves.
Available copies
- 2 of 2 copies available at LARL/NWRL Consortium.
- 2 of 2 copies available at Lake Agassiz Regional Library. (Show preferred library)
Current holds
0 current holds with 2 total copies.
Show Only Available Copies
| Location | Call Number / Copy Notes | Barcode | Shelving Location | Status | Due Date |
|---|---|---|---|---|---|
| Detroit Lakes Public Library | Y GRA (Text) | 33500014393748 | New | Available | - |
| Mahnomen Public Library | Y GRA (Text) | 33500014393755 | New | Available | - |
Record details
- ISBN: 9780063160422
- ISBN: 0063160420
- Physical Description: 337 pages ; 22 cm.
- Edition: First edition.
- Publisher: New York, NY : Heartdrum, an imprint of HarperCollinsPublishers, [2026]
- Copyright: ©2026.
Content descriptions
| Summary, etc.: | When Bryce's mom walks out on her abusive ... Read More |
Search for related items by subject
| Subject: | Skateboarding > Fiction. Grief > Fiction. Summer > Fiction. Teenage boys > Fiction. Ojibwa Indians > Fiction. Fathers and sons > Fiction. |
| Genre: | Sports fiction. |
| LDR | 02575cam a22004693i 4500 | ||
|---|---|---|---|
| 001 | 484555 | ||
| 003 | LARL_NWRL_CONSORTIUM | ||
| 005 | 20260608202814.0 | ||
| 008 | 250906t20262026nyu d 000 1 eng d | ||
| 040 | . | ‡aYDX ‡beng ‡cYDX ‡dOCLCO ‡dBDX ‡dIG# ‡dOCLCQ ‡dDWP ‡dRNL ‡dHFU ‡dOCLCO ‡dOI6 | |
| 020 | . | ‡a9780063160422 ‡q(hardcover) | |
| 020 | . | ‡a0063160420 ‡q(hardcover) | |
| 035 | . | ‡a(OCoLC)1535294912 | |
| 082 | 0 | 4. | ‡a[Fic] ‡223 |
| 100 | 1 | . | ‡aGraves, Byron, ‡eauthor. |
| 245 | 1 | 0. | ‡aMedicine wheels / ‡cByron Graves. |
| 250 | . | ‡aFirst edition. | |
| 264 | 1. | ‡aNew York, NY : ‡bHeartdrum, an imprint of HarperCollinsPublishers, ‡c[2026] | |
| 264 | 4. | ‡c©2026. | |
| 300 | . | ‡a337 pages ; ‡c22 cm. | |
| 336 | . | ‡atext ‡btxt ‡2rdacontent | |
| 337 | . | ‡aunmediated ‡bn ‡2rdamedia | |
| 338 | . | ‡avolume ‡bnc ‡2rdacarrier | |
| 520 | . | ‡aWhen Bryce's mom walks out on her abusive boyfriend and back into jail for breaking her probation, he's left facing the summer of his junior year with no parents, no phone, and only the clothes on his back. With nowhere to call home, Bryce crashes at his grandparents' house on Wolf Creek reservation. Wolf Creek is full of memories and old friends--including Robbie and Mikayla, who hang out at the local skate park. Skateboarding reminds Bryce of his late dad: carefree, riding like he could fly. If Bryce could learn to ride like that, he'd take his crew to the top of the skateboarding championship at the end of the summer, and finally prove he's not a loser, especially to the online-famous, captivating Mikayla. Summer is looking up, even as he's falling on his face. But when a fresh loss takes Bryce down, he'll need to learn to lean on his Ojibwe community to get back on the board. Only then can he discover his father's real legacy--and the true meaning of unconditional love. | |
| 650 | 0. | ‡aSkateboarding ‡vFiction. | |
| 650 | 0. | ‡aGrief ‡vFiction. ‡0(LARL_NWRL_CONSORTIUM)165491 | |
| 650 | 0. | ‡aSummer ‡vFiction. ‡0(LARL_NWRL_CONSORTIUM)167348 | |
| 650 | 0. | ‡aTeenage boys ‡vFiction. ‡0(LARL_NWRL_CONSORTIUM)167627 | |
| 650 | 0. | ‡aOjibwa Indians ‡vFiction. ‡0(LARL_NWRL_CONSORTIUM)166488 | |
| 650 | 0. | ‡aFathers and sons ‡vFiction. ‡0(LARL_NWRL_CONSORTIUM)164946 | |
| 655 | 7. | ‡aSports fiction. ‡2lcgft | |
| 936 | . | ‡aBATCHLOAD | |
| 901 | . | ‡a484555 ‡bOCoLC ‡c484555 ‡tbiblio ‡soclc | |

Add to basket
Permalink
Disable Highlighting